000 00409nam a22001697a 4500
005 20160627113906.0
008 160627b xxu||||| |||| 00| 0 eng d
020 _a81-203-2582-6
041 _aeng
082 _b10279
100 _aRastogi, S.C. and others
_92912
245 _aBiointermatics Methods and Applications
260 _bPHI
_c2004
300 _a364
650 _aAgriculture
_92837
942 _cBK
999 _c4215
_d4214